| 000 | 01138naa a22003017a 4500 | ||
|---|---|---|---|
| 001 | BR8202616 | ||
| 003 | BR-BrBNA | ||
| 005 | 20240918175115.0 | ||
| 007 | ta | ||
| 008 | 230509b bl.||||| |||| 00| 0 por d | ||
| 040 |
_aBR-BrBNA _bpor _cBiblioteca Nacional de Agricultura |
||
| 041 | _a(Pt) | ||
| 072 |
_aF22 _b3810 _bG514 |
||
| 090 | _aF22 BR8202616 | ||
| 100 | 1 | _aRaij, B. van | |
| 111 | 1 |
_aSimposio sobre Potassio na Agricultura Brasileira _cLondrina, PR (Brazil) _d25 Jan 1982 |
|
| 245 | 1 | _aDisponibilidade de potassio em solos do Brasil [Fertilizante potassico] | |
| 260 | 3 |
_aPiracicaba, SP (Brasil): _c1982. |
|
| 500 | _aSimposio sobre Potassio na Agricultura Brasileira. Trabalhos apresentados Piracicaba, SP (Brasil): 1982. v. 1 p. 19-30 (BR8202616-AM)F22 | ||
| 650 | _aFERTILIZANTE POTASSICO | ||
| 650 | _aPOTASSIO | ||
| 650 | _aANALISE DO SOLO | ||
| 650 | _aNUTRIENTE MINERAL | ||
| 650 | _aSOLO | ||
| 773 | 0 |
_tSimposio sobre Potassio na Agricultura Brasileira. Trabalhos apresentados _wF22 BR8202616 _gPiracicaba, SP (Brasil), 1982. v. 1 p. 19-30 |
|
| 909 |
_a202404 _bLucia _c55 _dLucia Elande |
||
| 942 |
_cAM _2AGRIS |
||
| 999 |
_c315045 _d315045 |
||